000
00341nam a2200133Ia 4500
008
240624s9999 xx 000 0 und d
041
_a
eng
082
_a
519.64 PAP
100
_a
PAPADIMITRIOU CHRISTOS H
245
_a
COMBINATORIAL OPTIMIZATION ALGORITHMS AN
260
_c
2003
_a
New Delhi
_b
Prentice-Hall
300
_a
xv, : 496
365
_c
RS
999
_c
447
_d
447